Daňové priznanie občianskeho združenia za rok 2015
Kedy musí podávať daňové priznanie občianske združenie či iná organizácia nezaložená alebo nezriadená na podnikanie.
Na minha lista:
| Autor principal: | |
|---|---|
| Formato: | Capítulo de Livro |
| Idioma: | eslovaco |
| Assuntos: | |
| Tags: |
Sem tags, seja o primeiro a adicionar uma tag!
|
MARC
| LEADER | 00000nla a2200000 4500 | ||
|---|---|---|---|
| 001 | 0220759 | ||
| 005 | 20240502073626.9 | ||
| 041 | 0 | |a slo | |
| 044 | |a SK | ||
| 245 | 1 | 0 | |a Daňové priznanie občianskeho združenia za rok 2015 |c Ján Benko |
| 520 | |a Kedy musí podávať daňové priznanie občianske združenie či iná organizácia nezaložená alebo nezriadená na podnikanie. | ||
| 610 | 2 | 0 | |a dane z príjmov |
| 610 | 2 | 0 | |a priznania daňové |
| 610 | 2 | 0 | |a povinnosť daňová |
| 610 | 2 | 0 | |a predpisy daňové |
| 610 | 2 | 0 | |a dane |
| 610 | 2 | 0 | |a združenia občianske |
| 610 | 2 | 0 | |a organizácie neziskové |
| 100 | 1 | |a Benko, Ján | |